Suecia en poemas : (Record no. 34668)
[ view plain ]
| 000 -CABECERA | |
|---|---|
| campo de control de longitud fija | 00932nam a2200229 a 4500 |
| 001 - NÚMERO DE CONTROL | |
| campo de control | 000035177 |
| 005 - FECHA Y HORA DE LA ÚLTIMA TRANSACCIÓN | |
| campo de control | 20200930074145.0 |
| 008 - DATOS DE LONGITUD FIJA--INFORMACIÓN GENERAL | |
| campo de control de longitud fija | 111025s1985 pr 000 p spa d |
| 040 ## - FUENTE DE LA CATALOGACIÓN | |
| Centro catalogador/agencia de origen | DO-SdBNP |
| Lengua de catalogación | spa |
| Centro/agencia transcriptor | BNPHU |
| 082 ## - NÚMERO DE LA CLASIFICACIÓN DECIMAL DEWEY | |
| Número de clasificación | 839.71708 |
| Número de documento/Ítem | S944p |
| 245 00 - MENCIÓN DE TÍTULO | |
| Título | Suecia en poemas : |
| Resto del título | (antología de poesía sueca contemporánea / |
| Mención de responsabilidad, etc. | selección y traducción Francisco J. Uriz ; prólogo Francisco Matos Paoli ; editor Luis Cartaña. |
| 260 ## - PUBLICACIÓN, DISTRIBUCIÓN, ETC. | |
| Lugar de publicación, distribución, etc. | Mayaguez, Puerto Rico : |
| Nombre del editor, distribuidor, etc. | Esmaco, |
| Fecha de publicación, distribución, etc. | 1985. |
| 300 ## - DESCRIPCIÓN FÍSICA | |
| Extensión | 130 p. ; |
| Dimensiones | 23 cm. |
| 490 1# - MENCIÓN DE SERIE | |
| Mención de serie | Poesía jardines de espejos |
| 590 ## - NOTA LOCAL (RLIN) | |
| Nota local | Perteneció a la biblioteca personal de Juan Isidro Jimenes Grullón. |
| 650 #4 - PUNTO DE ACCESO ADICIONAL DE MATERIA--TÉRMINO DE MATERIA | |
| Término de materia o nombre geográfico como elemento de entrada | Poesía sueca |
| Subdivisión general | Colecciones |
| 9 (RLIN) | 60904 |
| 650 #4 - PUNTO DE ACCESO ADICIONAL DE MATERIA--TÉRMINO DE MATERIA | |
| Término de materia o nombre geográfico como elemento de entrada | Literatura sueca |
| Subdivisión general | Colecciones |
| 9 (RLIN) | 60905 |
| 700 12 - PUNTO DE ACCESO ADICIONAL--NOMBRE DE PERSONA | |
| Nombre de persona | Matos Paoli, Francisco , |
| Término indicativo de función/relación | pról. |
| 9 (RLIN) | 9210 |
| 700 12 - PUNTO DE ACCESO ADICIONAL--NOMBRE DE PERSONA | |
| Nombre de persona | Cartaña, Luis, |
| Término indicativo de función/relación | ed. |
| 9 (RLIN) | 9174 |
| 830 #0 - PUNTO DE ACCESO ADICIONAL DE SERIE-TÍTULO UNIFORME | |
| Título uniforme | Poesía jardines de espejos |
| 9 (RLIN) | 60906 |
| 910 ## - DATOS DE OPCIÓN DEL USUARIO (OCLC) | |
| Datos de opción del usuario | Validado. Control de calidad MFF |
| Estado de retiro | Estado de pérdida | Restricciones de uso | No para préstamo | Código de colección | Localización permanente | Ubicación/localización actual | Ubicación en estantería | Fecha de adquisición | Número de inventario | Total de préstamos | Signatura topográfica completa | Código de barras | Fecha visto por última vez | Precio válido a partir de | Tipo de ítem Koha |
|---|---|---|---|---|---|---|---|---|---|---|---|---|---|---|---|
| Préstamo interno | Monografías: Libros y Folletos | General | General | Depósito | 25.10.2011 | LF1 | 839.71708 S944p | 35177-10 | 25.06.2020 | 25.06.2020 | Préstamo interno |
